| 000 | 00556nam a22001937a 4500 | ||
|---|---|---|---|
| 003 | KOHA_MİRAKIL | ||
| 005 | 20250417165736.0 | ||
| 008 | 250417b tu ||||| |||| 00| 0 tur d | ||
| 020 | _a9789757663836 | ||
| 040 |
_aTR-AnABB _btur _cTR-AnABB |
||
| 041 | _atur | ||
| 082 |
_a920 _bOZE 2022 |
||
| 100 | 1 | _aÖzemre, Ahmet Yüksel, | |
| 245 | 1 | 0 |
_aGelde çık işin içinden / _cAhmet Yüksel Özemre |
| 260 |
_aİstanbul : _bKubbealtı Yayınları, _c2022 |
||
| 300 |
_a164 sayfa ; _c24 cm |
||
| 650 | 0 | 4 | _aTürk edebiyatı, roman |
| 942 |
_2ddc _cBK |
||
| 999 |
_c8771 _d8771 |
||
| 900 | _bGizem YORULMAZ | ||